La danza en México.

Bibliographic Details
Main Author: Dallal, Alberto
Format: Libro
Language:English
Published: México Universidad Nacional Autónoma de México 2000
Edition:4a.ed.
Online Access:

MARC

LEADER 00000cam a2200000 a 4500
001 020354
003 UAHC_CL
005 20170803121855.0
008 010926b xx j 000 1 eng
020 |a 9683678262 
040 |a UAHC_CL  |c UAHC_CL  |d UAHC_CL 
100 1 |a Dallal, Alberto 
245 1 3 |a La danza en México. 
250 |a 4a.ed. 
260 |a México  |b Universidad Nacional Autónoma de México  |c 2000 
300 |a 327 p. 
500 |a Cuarta parte "EL dancing mexicano" 
900 |a 792.80972 DAL 
942 |c BK 
952 |0 0  |1 0  |4 0  |6 792_809720000000000_DAL  |7 0  |8 General  |9 40852  |a BS  |b BS  |c General  |d 2017-08-03  |l 0  |o 792.80972 DAL  |p 1316576  |r 2025-11-26 00:00:00  |t 1  |w 2017-08-03  |y BK 
999 |c 20354  |d 20354